|
|
|
|
| LEADER |
00000nab a2200000 a 4500 |
| 001 |
vtls000700813 |
| 003 |
SK-MaSNL |
| 005 |
20260426082028.0 |
| 008 |
250429c1999 xo 0 slo |
| 015 |
|
|
|a SNBRB1999/09-21708
|
| 035 |
|
|
|a CLN000052980
|
| 035 |
|
|
|a urn:nbn:sk:snk-ab6o6w
|
| 035 |
|
|
|a (uuid)2f472aac-5030-4975-ba06-a7f47266836c
|
| 035 |
|
|
|a (urnnbn)urn:nbn:sk:snk:ar-005o99
|
| 035 |
|
|
|a (sysno)vtls000700813
|
| 040 |
|
|
|a SNKBUCL
|b slo
|c SNKBUCL
|e AACR2
|
| 041 |
0 |
|
|a slo
|
| 044 |
|
|
|a xo
|c SK
|
| 080 |
|
|
|a 621.791:061.62(437.6)
|2 1997
|
| 100 |
1 |
|
|a Ulrich, Koloman,
|d 1946-
|4 aut
|9 218961
|
| 245 |
1 |
0 |
|a Príhovor riaditeľa VÚZ
|c Koloman Ulrich
|
| 300 |
|
|
|b Fotogr.
|
| 610 |
2 |
7 |
|a Výskumný ústav zváračský (Bratislava, Slovensko)
|2 snkbucl
|9 32791
|
| 651 |
|
7 |
|a Bratislava (Slovensko)
|2 snkbucl
|9 14568
|
| 655 |
|
7 |
|a články z novín a časopisov
|2 snkbucl
|9 267496
|
| 773 |
0 |
|
|t Zváranie
|g Roč. 48, č. 4 (1999), s. 75
|x 0044-5525
|
| 850 |
|
|
|a Slovenská národná knižnica
|
| 852 |
|
|
|a Slovenská národná knižnica
|
| 954 |
|
|
|a odborná, vedecká literatúra pôvodná (slovenská)
|2 lita
|
| 958 |
|
|
|a article
|
| 958 |
|
|
|a OND
|
| 958 |
|
|
|a SK
|
| 958 |
|
|
|a EUIPO
|
| 992 |
|
|
|a RBX
|
| 999 |
|
|
|c 2860331
|d 2862261
|